| 000 | 00779nam a22001697a 4500 | ||
|---|---|---|---|
| 999 |
_c59474 _d59474 |
||
| 003 | Ge_BSU | ||
| 005 | 20230227120820.0 | ||
| 008 | 230227s2003 ge ||||| |||| 00| 0 geo d | ||
| 020 | _a9992884444 | ||
| 041 | _ageo | ||
| 080 | _a341(479.22)(094.1) ს-15 | ||
| 245 |
_aსაერთაშორისო სამართალი : საკანონმდებლო აქტების კრებული : _cცვლილებებითა და დამატებებით 2003 წლის 1 სექტემბრამდე. |
||
| 264 |
_aთბილისი : _bბონა კაუზა, _c2003. |
||
| 300 |
_a211 გვ. ; _b21 სმ. |
||
| 653 | _aსაერთაშორისო სამართალი | ||
| 942 |
_2udc _cBK |
||